Vocabulary in use Intermediate (0 521 63477 6)

Gespeichert in:
Bibliographische Detailangaben
1. Verfasser: STUART REDMAN
Format: Buch
Sprache:Undetermined
Veröffentlicht: Cambridge 1999
Tags: Tag hinzufügen
Keine Tags, Fügen Sie den ersten Tag hinzu!
Thư viện lưu trữ: Trung tâm Học liệu Trường Đại học Cần Thơ
LEADER 00410nam a2200145Ia 4500
001 CTU_49177
008 210402s9999 xx 000 0 und d
082 |a 428.24 
082 |b M121 
100 |a STUART REDMAN 
245 0 |a Vocabulary in use Intermediate (0 521 63477 6) 
245 0 |c STUART REDMAN, Allen Shaw 
260 |b Cambridge 
260 |c 1999 
980 |a Trung tâm Học liệu Trường Đại học Cần Thơ